| 000 | 00664cam a2200229u 4500 | ||
|---|---|---|---|
| 001 | 17728 | ||
| 003 | BD-RjUL | ||
| 005 | 20211209000202.0 | ||
| 008 | 140217s1965 enk 000 0 eng | ||
| 035 | _a(BD-RjUL)17786 | ||
| 040 |
_aDLC _cCarP _dDLC _dBD-RjUL _beng |
||
| 041 | _aeng | ||
| 082 |
_a810 _bDAL |
||
| 100 | 1 |
_aDaiches, David, _d1912-2005. _952486 |
|
| 245 | 1 | 0 | _aLiterature and education in the United States / |
| 260 |
_aLondon : _cOxford university press, _b1965. |
||
| 300 |
_ap. [357]-373 ; _c26 cm. |
||
| 650 | 0 |
_aLiterature _xStudy and teaching _zUnited States. _954643 |
|
| 942 |
_2ddc _cBK |
||
| 999 |
_c17728 _d17728 |
||